Manažérske problémy a čo s nimi?

Vymedzenie manažérskych problémov, ich vlastnosti a postup ich zvládavania.

Gespeichert in:
Bibliographische Detailangaben
1. Verfasser: Lipták, František
Format: Buchkapitel
Sprache:Slowakisch
Schlagworte:
Tags: Tag hinzufügen
Keine Tags, Fügen Sie das erste Tag hinzu!

MARC

LEADER 00000naa a2200000 4500
001 0204824
005 20220518072519.1
041 0 |a slo 
044 |a SK 
245 1 0 |a Manažérske problémy a čo s nimi?  |c František Lipták 
520 |a Vymedzenie manažérskych problémov, ich vlastnosti a postup ich zvládavania. 
610 2 0 |a riadenie podľa kompetencií 
610 2 0 |a riadenie ľudských zdrojov 
610 2 0 |a manažment personálny 
610 2 0 |a rozhodovanie manažérske 
100 1 |a Lipták, František